LIBRARY & INFORMATION CENTRE, KCAET, TAVANUR

ONLINE PUBLIC ACCESS CATALOGUE (OPAC)

Mathematics of Physics and Chemistry / (Record no. 1543)

MARC details
000 -LEADER
fixed length control field 00503cam a2200193ua 4500
041 ## - LANGUAGE CODE
Language code of text/sound track or separate title eng
082 ## - DEWEY DECIMAL CLASSIFICATION NUMBER
Classification number 530.15
Item number MAR/MA
100 ## - MAIN ENTRY--AUTHOR NAME
Personal name Margenau, Henry .
245 ## - TITLE STATEMENT
Title Mathematics of Physics and Chemistry /
250 ## - EDITION STATEMENT
Edition statement 2 /
260 ## - PUBLICATION, DISTRIBUTION, ETC. (IMPRINT)
Place of publication :
Name of publisher Affiliated East West Press Pvt Ltd ,
Year of publication 1966.
300 ## - PHYSICAL DESCRIPTION
Number of Pages 604 ; .
700 1# - ADDED ENTRY--PERSONAL NAME
Personal name Murphy, George Moseley .
942 ## - ADDED ENTRY ELEMENTS (KOHA)
Koha item type Books
Holdings
Withdrawn status Lost status Damaged status Home library Current library Date acquired Full call number Accession Number Koha item type
      KAUAET KAUAET 07/04/2012 530.15 10625 Books
Withdrawn     KAUAET Malayalam University 27/11/2023 530.15 MAR/MA 11575 Books
free website counter